| 000 | 00558cam a2200217 4500 | ||
|---|---|---|---|
| 001 | D9217 | ||
| 008 | 090401t1981 xxu||||| |||| 00| 0 eng d | ||
| 035 | _a(Sirsi) u18112 | ||
| 041 | _aeng | ||
| 050 | _a333.332 | ||
| 100 | _aThomas, J.R. | ||
| 245 | _aValuations for loan purposes | ||
| 260 |
_aReading _bCALUS _c1981 |
||
| 300 | _a35p. 25cm | ||
| 350 | _a0 | ||
| 490 |
_aProperty Valuation Handbook _vB3 |
||
| 710 |
_aCentre for Advanced Land Use Studies _92934 |
||
| 710 |
_aCollege of Estate Management _9400 |
||
| 942 | _n0 | ||
| 948 | _c04/03/1997 | ||
| 999 |
_c87570 _d87570 |
||